=LDR 00000nam 2200000 4500 =001 INLIS000000000021490 =005 20130612120341 =008 ***********************************Ind** =035 ##$$0010-061300000021490 =041 ##$$a Ind =082 ##$$a 634 =090 ##$$a 634, Rah a =100 ##$$a Rahardi, F =245 ##$$a Agribisnis tanaman buah, F. Rahardi, Haryono =260 ##$$a 1996 $b Jakarta =300 ##$$a vi, 66 hlm, Ilus, 21 cm =650 ##$$a Buah-buahan =850 ##$$a NBPNMAT